000 01656nam a2200265 a 4500
001 75462
003 BD-RjUL
005 20211209082709.0
008 190411s2017 bg a|||| m||b 00| 0 ben d
035 _a(BD-RjUL)75680
040 _aBD-RjUL
_beng/ben
_cBD-RjUL
_dBD-RjUL
041 _aben
082 _223
_a337.5492051
_bKIB 2017
100 1 _aকিবরিয়া, কানিজ
_9230434
245 1 0 _aবাংলাদেশ- চীন দ্বিপাক্ষিক সহযোগিতা ও সম্পর্ক (১৯৭৫-২০১০) = Bangladesh-China Bilateral Cooperation and Relations (1975-2010) /
_cকানিজ কিবরিয়া ;
_6গবেষণা তত্ত্বাবধায়ক: মর্ত্তুজা খালেদ
246 _aBangladesh-China Bilateral Cooperation and Relations (1975-2010)
260 _aরাজশাহী:
_bইতিহাস বিভাগ, রা. বি. ,
_c২০১৭
300 _aiv, ২৬৫ পাতা :
_bচিত্র ;
_c৩০ সেমি.
502 _aথিথিস (পিএইচ. ডি.) -- ইতিহাস বিভাগ, রা. বি. , ২০১৭
504 _aগ্রন্থপঞ্জি: পাতা ২৫৫-২৬৫
651 _aবাংলাদেশ
_zচীন
_xঅর্থনৈতিক সম্পর্ক
_xইতিহাস
_y১৯৭৫-২০১০
_9230470
651 _aBangladesh
_zChina
_xEconomic Relations
_xHistory
_y1975-2010
_9230471
700 _aখালেদ, মর্ত্তুজা, গবেষণা তত্ত্বাবধায়ক
_9230435
942 _2ddc
_cTHE
999 _c75462
_d75462